00439nam a2200169Ia 450000500170000000800410001704000190005804100120007708200200008910000210010924500460013026000360017630000110021250400190022365000170024285000100025920230328094841.0131103s9999 xx 000 0 und d aLoreto College aEnglish a822.91bSHA-SEN aGupta, S. C. Sen 4aThe Art of Bernard ShawcS. C. Sen, Gupta aCalcuttabN. M. Publisherc1992 a192p.  aIncludes index aEnglish play aLCLIB